00296nam a2200109Ia 4500008004100000041000800041082002300049100002000072245003300092260005300125300000800178230411s9999 xx 000 0 und d aeng aN/613.2/PAS/B05182 aPasricha Swaran aDietary Tips For The Elderly bNational Institute Of NutritionaHyderabadc1992 a30p